Statystyki dla Reprezentanci Polski na Eurowizji

Kliknij tutaj aby rozwiązać quiz!

Ogólne statystyki

  • Ten quiz został rozwiązany 881 razy
    (269 od ostatniego zresetowania)
  • Średni wynik to 13 z 24

Statystyki odpowiedzi

RokTytuł UtworuWykonawca% Poprawnych
1994To nie ja!Edyta Górniak
97%
2014My Słowianie - We Are SlavicDonatan i Cleo
92%
2016Color of Your LifeMichał Szpak
89%
2021The RideRafał Brzozowski
88%
2006Follow my HeartIch Troje
80%
2003Keine Grenzen - Żadnych GranicIch Troje
80%
2018Light Me UpGromee/Lukas Meijer
69%
2019Fire of Love (Pali się)Tulia
69%
2017FlashlightKasia Moś
67%
20012 LongAndrzej Piaseczny
57%
1995SamaJustyna Steczkowska
57%
*2020EmpiresAlicja Szemplińska
53%
2004Love songBlue Cafe
44%
2005Czarna dziewczynaIvan i Delfin
42%
1997Ale jestemAnna Maria Jopek
41%
2015In the Name of LoveMonika Kuszyńska
41%
2011JestemMagdalena Tul
40%
1996Chcę znać swój grzechKasia Kowalska
39%
1999Przytul mnie mocnoMietek Szcześniak
39%
2008For LifeIsis Gee
34%
2009I Don't Wanna LeaveLidia Kopania
34%
2010LegendaMarcin Mroziński
33%
2007Time to PartyThe Jet Set
29%
1998To takie prosteSixteen
25%

Rozkład punktacji

Percentyl według liczby udzielonych odpowiedzi

Procent ludzi z każdym wynikiem

Twoja historia wyników

Nie rozwiązałeś tego quizu od ostatniego zresetowania